Blinding Lyrics (Florence + the Machine) - Statistics

General Stats
  • This quiz has been taken 116 times
    61 since last reset
  • The average score is 319 of 370
Answer Stats
Lyrics % Correct
a
100%
I
100%
was
100%
it
97%
no
97%
the
97%
and
93%
dreaming
93%
for
93%
have
93%
if
93%
in
93%
more
93%
of
93%
see
93%
Seems
93%
so
93%
state
93%
that
93%
who
93%
world
93%
you
93%
as
90%
been
90%
body
90%
boy
90%
dead
90%
death
90%
girl
90%
itself
90%
like
90%
love
90%
me
90%
my
90%
my
90%
some
90%
this
90%
to
90%
undone
90%
wrong
90%
awake
86%
could
86%
crow
86%
felt
86%
garden
86%
held
86%
never
86%
through
86%
were
86%
with
86%
all
83%
broken
83%
from
83%
under
83%
waking
83%
began
79%
eyelids
79%
gentle
79%
kiss
79%
open
79%
quite
79%
realised
79%
spell
79%
they
79%
wake
79%
calling
76%
eyes
76%
hear
76%
shake
76%
Snow
76%
White's
76%
wide
76%
back
72%
go
72%
slumber
72%
torn
72%
until
72%
word
72%
around
69%
board
69%
crack
69%
fists
69%
shaking
69%
thunder
69%
bones
66%
finally
66%
hidden
66%
lightning
66%
seemed
66%
spine
66%
stitching
66%
tourist
66%
cause
62%
door
62%
feet
62%
ribs
62%
up
62%
flew
59%
skull
59%
walls
59%
circuit
55%
hollows
52%
slipping
52%
your
45%
synapse
38%
No matching quizzes found
Score Distribution
Percent of People with Each Score
Percentile by Number Answered
Your Score History
You have not taken this quiz since the last reset